Historia contemporánea de Chile

Dividida en cinco tomos, esta Historia Contemporánea de Chile reconstruye el devenir de nuestro país desde su nacimiento hasta nuestros días. El enfoque no es cronológico sino temático, y sus protagonistas, los actores concretos y diversos, los conocidos y los anónimos.

Bibliographic Details
Main Author: Salazar Vergara, Gabriel 1936-
Other Authors: Pinto Vallejos, Julio 1956-
Format: Libro
Language:Spanish
Published: Santiago, Chile: LOM, 1999.
Edition:1a.ed.
Series:Historia
Subjects:
Online Access:

MARC

LEADER 00000cam a2200000 a 4500
001 023643
003 UAHC_CL
005 20190731064447.0
008 010822b cl 000 spa
952 |0 0  |1 0  |2 ddc  |4 0  |6 983_000000000000000_HIS_V_2  |7 0  |8 BAS  |9 47351  |a BR  |b BR  |c Reserva  |d 2017-08-03  |l 1  |o 983 HIS v.2  |p 1347587  |r 2026-01-14 00:00:00  |s 2025-04-26  |t 1  |w 2017-08-03  |y BK 
952 |0 0  |1 0  |4 0  |6 983_000000000000000_HIS_V_1  |7 0  |8 BAS  |9 47352  |a BR  |b BR  |c Reserva  |d 2017-08-03  |l 0  |o 983 HIS v.1  |p 1378101  |r 2026-01-14 00:00:00  |t 2  |w 2017-08-03  |y BK 
952 |0 0  |1 0  |4 0  |6 983_000000000000000_HIS_V_1  |7 0  |8 BAS  |9 47353  |a BR  |b BR  |c Reserva  |d 2017-08-03  |l 0  |o 983 HIS v.1  |p 1334875  |r 2026-01-14 00:00:00  |t 1  |w 2017-08-03  |y BK 
952 |0 0  |1 0  |4 0  |6 983_000000000000000_HIS_V_2  |7 0  |8 BAS  |9 47354  |a BR  |b BR  |c Reserva  |d 2017-08-03  |l 0  |o 983 HIS v.2  |p 1334876  |r 2026-01-14 00:00:00  |t 2  |w 2017-08-03  |y BK 
952 |0 0  |1 0  |4 0  |6 983_000000000000000_HIS_V_3  |7 0  |8 BAS  |9 47355  |a BR  |b BR  |c Reserva  |d 2017-08-03  |l 1  |o 983 HIS v.3  |p 1334877  |r 2026-01-14 00:00:00  |s 2018-04-12  |t 1  |w 2017-08-03  |y BK 
952 |0 0  |1 0  |4 0  |6 983_000000000000000_HIS_V_4  |7 0  |8 BAS  |9 47356  |a BR  |b BR  |c Reserva  |d 2017-08-03  |l 0  |o 983 HIS v.4  |p 1334878  |r 2026-01-14 00:00:00  |t 1  |w 2017-08-03  |y BK 
952 |0 0  |1 0  |4 0  |6 983_000000000000000_HIS_V_1  |7 0  |8 BAS  |9 47357  |a BC  |b BC  |c Reserva  |d 2017-08-03  |l 2  |o 983 HIS v.1  |p 1347894  |r 2026-01-14 00:00:00  |s 2018-10-17  |t 4  |w 2017-08-03  |y BK 
952 |0 0  |1 0  |4 0  |6 983_000000000000000_HIS_V_2  |7 0  |8 BAS  |9 47358  |a BR  |b BR  |c Reserva  |d 2017-08-03  |l 2  |o 983 HIS v.2  |p 1373084  |r 2026-01-14 00:00:00  |s 2025-03-31  |t 4  |w 2017-08-03  |y BK 
952 |0 0  |1 0  |4 0  |6 983_000000000000000_HIS_V_3  |7 0  |8 BAS  |9 47359  |a BR  |b BR  |c Reserva  |d 2017-08-03  |l 0  |o 983 HIS v.3  |p 1334881  |r 2026-01-14 00:00:00  |t 2  |w 2017-08-03  |y BK 
952 |0 0  |1 0  |4 0  |6 983_000000000000000_HIS_V_4  |7 0  |8 BAS  |9 47360  |a BR  |b BR  |c Reserva  |d 2017-08-03  |l 1  |o 983 HIS v.4  |p 1387246  |r 2026-01-14 00:00:00  |s 2017-12-01  |t 2  |w 2017-08-03  |y BK 
952 |0 0  |1 0  |4 0  |6 983_000000000000000_HIS_V_1  |7 0  |8 BAS  |9 47361  |a BR  |b BR  |c Reserva  |d 2017-08-03  |l 0  |o 983 HIS v.1  |p 1378106  |r 2026-01-14 00:00:00  |t 3  |w 2017-08-03  |y BK 
952 |0 0  |1 0  |4 0  |6 983_000000000000000_HIS_V_2  |7 0  |8 BAS  |9 47362  |a BR  |b BR  |c Reserva  |d 2017-08-03  |l 0  |o 983 HIS v.2  |p 1350162  |r 2026-01-14 00:00:00  |t 3  |w 2017-08-03  |y BK 
952 |0 0  |1 0  |4 0  |6 983_000000000000000_HIS_V_3  |7 0  |8 BAS  |9 47363  |a BR  |b BR  |c Reserva  |d 2017-08-03  |l 6  |m 4  |o 983 HIS v.3  |p 1350163  |r 2026-01-14 00:00:00  |s 2024-07-17  |t 3  |w 2017-08-03  |y BK 
952 |0 0  |1 0  |4 0  |6 983_000000000000000_HIS_V_4  |7 0  |8 BAS  |9 47364  |a BR  |b BR  |c Reserva  |d 2017-08-03  |l 1  |m 3  |o 983 HIS v.4  |p 1375443  |r 2026-01-14 00:00:00  |s 2018-10-17  |t 3  |w 2017-08-03  |y BK 
952 |0 0  |1 0  |4 0  |6 983_000000000000000_HIS_V_5  |7 0  |8 BAS  |9 47365  |a BR  |b BR  |c Reserva  |d 2017-08-03  |l 0  |o 983 HIS v.5  |p 1375457  |r 2026-01-14 00:00:00  |t 1  |w 2017-08-03  |y BK 
952 |0 0  |1 0  |4 0  |6 983_000000000000000_HIS_V_5  |7 0  |8 BAS  |9 47366  |a BC  |b BC  |c Reserva  |d 2017-08-03  |l 1  |o 983 HIS v.5  |p 1362661  |q 2017-08-29  |r 2017-08-24 00:00:00  |s 2017-08-24  |t 2  |w 2017-08-03  |y BK 
952 |0 0  |1 0  |4 0  |6 983_000000000000000_HIS_V_5  |7 0  |8 BAS  |9 47367  |a BR  |b BR  |c Reserva  |d 2017-08-03  |l 0  |o 983 HIS v.5  |p 1350420  |r 2026-01-14 00:00:00  |t 3  |w 2017-08-03  |y BK 
952 |0 0  |1 0  |4 0  |6 983_000000000000000_HIS_V_5  |7 0  |8 BAS  |9 47368  |a BR  |b BR  |c Reserva  |d 2017-08-03  |l 0  |o 983 HIS v.5  |p 1362619  |r 2026-01-14 00:00:00  |t 4  |w 2017-08-03  |y BK 
952 |0 0  |1 0  |4 0  |6 983_000000000000000_HIS_V_1  |7 0  |8 BAS  |9 47369  |a BC  |b BC  |c Reserva  |d 2017-08-03  |l 0  |o 983 HIS v.1  |p 1401256  |r 2017-08-03 00:00:00  |t 5  |w 2017-08-03  |y BK 
952 |0 0  |1 0  |4 0  |6 983_000000000000000_HIS_V_1  |7 0  |8 BAS  |9 47370  |a BR  |b BR  |c Reserva  |d 2017-08-03  |l 9  |m 8  |o 983 HIS v.1  |p 1401333  |r 2026-01-14 00:00:00  |s 2025-09-03  |t 6  |w 2017-08-03  |y BK 
952 |0 0  |1 0  |4 0  |6 983_000000000000000_HIS_V_1  |7 0  |8 BAS  |9 47371  |a BC  |b BC  |c Reserva  |d 2017-08-03  |l 10  |m 11  |o 983 HIS v.1  |p 1401334  |r 2026-01-14 00:00:00  |s 2025-07-10  |t 7  |w 2017-08-03  |x Rayado con lápiz mina. RLC. Texto con Pag sueltas  |y BK 
952 |0 0  |1 0  |4 0  |6 983_000000000000000_HIS_V_1  |7 0  |8 BAS  |9 47372  |a BC  |b BC  |c Reserva  |d 2017-08-03  |l 0  |o 983 HIS v.1  |p 1401335  |r 2017-08-03 00:00:00  |t 8  |w 2017-08-03  |y BK 
952 |0 0  |1 0  |4 0  |6 983_000000000000000_HIS_V_1  |7 0  |8 BAS  |9 47373  |a BC  |b BC  |c Reserva  |d 2017-08-03  |l 3  |m 2  |o 983 HIS v.1  |p 1401336  |r 2026-01-14 00:00:00  |s 2023-04-19  |t 9  |w 2017-08-03  |y BK 
952 |0 0  |1 0  |4 0  |6 983_000000000000000_HIS_V_1  |7 0  |8 BAS  |9 47374  |a BR  |b BR  |c General  |d 2017-08-03  |l 3  |o 983 HIS v.1  |p 1401439  |r 2026-01-14 00:00:00  |s 2022-11-28  |t 1  |w 2017-08-03  |x Texto rayado con lapiz mina. FGM. 23/01/2020.  |y BK 
952 |0 0  |1 0  |4 0  |6 983_000000000000000_HIS_V_1  |7 0  |8 BAS  |9 47375  |a BC  |b BC  |c Reserva  |d 2017-08-03  |l 2  |o 983 HIS v.1  |p 1401440  |r 2019-05-28 00:00:00  |s 2019-05-27  |t 2  |w 2017-08-03  |y BK 
952 |0 0  |1 0  |4 0  |6 983_000000000000000_HIS_V_1  |7 0  |8 BAS  |9 47376  |a BC  |b BC  |c Reserva  |d 2017-08-03  |l 1  |o 983 HIS v.1  |p 1401441  |r 2019-03-18 00:00:00  |s 2019-03-13  |t 3  |w 2017-08-03  |y BK 
952 |0 0  |1 0  |4 0  |6 983_000000000000000_HIS_V_1  |7 0  |8 BAS  |9 47377  |a BC  |b BC  |c Reserva  |d 2017-08-03  |l 2  |o 983 HIS v.1  |p 1401442  |r 2026-01-14 00:00:00  |s 2018-08-30  |t 13  |w 2017-08-03  |y BK 
952 |0 0  |1 0  |4 0  |6 983_000000000000000_HIS_V_2  |7 0  |8 BAS  |9 47378  |a BC  |b BC  |c Reserva  |d 2017-08-03  |l 2  |o 983 HIS v.2  |p 1401443  |r 2019-01-08 00:00:00  |s 2018-11-15  |t 1  |w 2017-08-03  |y BK 
952 |0 0  |1 0  |4 0  |6 983_000000000000000_HIS_V_2  |7 0  |8 BAS  |9 47379  |a BR  |b BR  |c Reserva  |d 2017-08-03  |l 5  |m 9  |o 983 HIS v.2  |p 1401444  |r 2026-01-14 00:00:00  |s 2024-07-17  |t 6  |w 2017-08-03  |x Rayado con lápiz mina  |y BK 
952 |0 0  |1 0  |4 0  |6 983_000000000000000_HIS_V_2  |7 0  |8 BAS  |9 47380  |a BR  |b BR  |c General  |d 2017-08-03  |o 983 HIS v.2  |p 1401445  |r 2026-01-14 00:00:00  |t 2  |w 2017-08-03  |y BK 
952 |0 0  |1 0  |4 0  |6 983_000000000000000_HIS_V_2  |7 0  |8 BAS  |9 47381  |a BR  |b BR  |c General  |d 2017-08-03  |l 2  |o 983 HIS v.2  |p 1401446  |r 2026-01-14 00:00:00  |s 2022-11-16  |t 3  |w 2017-08-03  |y BK 
952 |0 0  |1 0  |4 0  |6 983_000000000000000_HIS_V_3  |7 0  |8 BAS  |9 47382  |a BC  |b BC  |c Reserva  |d 2017-08-03  |l 1  |o 983 HIS v.3  |p 1401447  |r 2019-05-28 00:00:00  |s 2019-05-27  |t 1  |w 2017-08-03  |y BK 
952 |0 0  |1 0  |4 0  |6 983_000000000000000_HIS_V_3  |7 0  |8 BAS  |9 47383  |a BR  |b BR  |c Reserva  |d 2017-08-03  |l 5  |m 3  |o 983 HIS v.3  |p 1401448  |r 2026-01-14 00:00:00  |s 2024-07-09  |t 5  |w 2017-08-03  |y BK 
952 |0 0  |1 0  |4 0  |6 983_000000000000000_HIS_V_3  |7 0  |8 BAS  |9 47384  |a BR  |b BR  |c General  |d 2017-08-03  |l 2  |o 983 HIS v.3  |p 1401449  |r 2026-01-14 00:00:00  |s 2022-11-16  |t 2  |w 2017-08-03  |y BK 
952 |0 0  |1 0  |4 0  |6 983_000000000000000_HIS_V_3  |7 0  |8 BAS  |9 47385  |a BR  |b BR  |c General  |d 2017-08-03  |o 983 HIS v.3  |p 1401450  |r 2026-01-14 00:00:00  |t 3  |w 2017-08-03  |y BK 
952 |0 0  |1 0  |4 0  |6 983_000000000000000_HIS_V_4  |7 0  |8 BAS  |9 47386  |a BR  |b BR  |c Reserva  |d 2017-08-03  |l 2  |m 1  |o 983 HIS v.4  |p 1401451  |r 2026-01-14 00:00:00  |s 2024-08-13  |t 4  |w 2017-08-03  |y BK 
952 |0 0  |1 0  |4 0  |6 983_000000000000000_HIS_V_4  |7 0  |8 BAS  |9 47387  |a BR  |b BR  |c Reserva  |d 2017-08-03  |l 0  |o 983 HIS v.4  |p 1401452  |r 2026-01-14 00:00:00  |t 5  |w 2017-08-03  |y BK 
952 |0 0  |1 0  |4 0  |6 983_000000000000000_HIS_V_4  |7 0  |8 BAS  |9 47388  |a BR  |b BR  |c General  |d 2017-08-03  |l 1  |o 983 HIS v.4  |p 1401453  |r 2026-01-14 00:00:00  |s 2023-08-22  |t 1  |w 2017-08-03  |y BK 
952 |0 0  |1 0  |4 0  |6 983_000000000000000_HIS_V_4  |7 0  |8 BAS  |9 47389  |a BR  |b BR  |c Reserva  |d 2017-08-03  |l 1  |m 1  |o 983 HIS v.4  |p 1401454  |r 2026-01-14 00:00:00  |s 2019-07-02  |t 7  |w 2017-08-03  |y BK 
952 |0 0  |1 0  |4 0  |6 983_000000000000000_HIS_V_5  |7 0  |8 BAS  |9 47390  |a BC  |b BC  |c Reserva  |d 2017-08-03  |l 1  |o 983 HIS v.5  |p 1401455  |r 2026-01-14 00:00:00  |s 2017-12-01  |t 5  |w 2017-08-03  |y BK 
952 |0 0  |1 0  |4 0  |6 983_000000000000000_HIS_V_5  |7 0  |8 BAS  |9 47391  |a BR  |b BR  |c Reserva  |d 2017-08-03  |l 2  |o 983 HIS v.5  |p 1401456  |r 2026-01-14 00:00:00  |s 2018-07-20  |t 6  |w 2017-08-03  |y BK 
952 |0 0  |1 0  |4 0  |6 983_000000000000000_HIS_V_5  |7 0  |8 BAS  |9 47392  |a BR  |b BR  |c General  |d 2017-08-03  |l 1  |m 2  |o 983 HIS v.5  |p 1401457  |r 2026-01-14 00:00:00  |s 2018-07-19  |t 1  |w 2017-08-03  |y BK 
952 |0 0  |1 0  |4 0  |6 983_000000000000000_HIS_V_5  |7 0  |8 BAS  |9 47393  |a BR  |b BR  |c General  |d 2017-08-03  |l 5  |m 8  |o 983 HIS v.5  |p 1401458  |r 2026-01-14 00:00:00  |s 2018-08-11  |t 2  |w 2017-08-03  |y BK 
952 |0 0  |1 0  |4 0  |6 983_000000000000000_HIS_V_4  |7 0  |8 BAS  |9 47394  |a BC  |b BC  |c General  |d 2017-08-03  |o 983 HIS v.4  |p 1401555  |r 2026-01-14 00:00:00  |t 2  |w 2017-08-03  |y BK 
952 |0 0  |1 0  |4 0  |6 983_000000000000000_HIS_V_4  |7 0  |8 BAS  |9 47395  |a BR  |b BR  |c General  |d 2017-08-03  |o 983 HIS v.4  |p 1401556  |r 2026-01-14 00:00:00  |t 3  |w 2017-08-03  |y BK 
952 |0 0  |1 0  |4 0  |6 983_000000000000000_HIS_V_1  |7 0  |8 BAS  |9 47396  |a BC  |b BC  |c Reserva  |d 2017-08-03  |l 5  |m 2  |o 983 HIS v.1  |p 1421512  |r 2026-01-14 00:00:00  |s 2019-09-25  |t 14  |w 2017-08-03  |y BK 
952 |0 0  |1 0  |4 0  |6 983_000000000000000_HIS_V_2  |7 0  |8 BAS  |9 47397  |a BR  |b BR  |c Reserva  |d 2017-08-03  |l 6  |m 5  |o 983 HIS v.2  |p 1421513  |r 2026-01-14 00:00:00  |s 2018-12-05  |t 7  |w 2017-08-03  |y BK 
952 |0 0  |1 0  |4 0  |6 983_000000000000000_HIS_V_3  |7 0  |8 BAS  |9 47398  |a BR  |b BR  |c Reserva  |d 2017-08-03  |l 7  |m 7  |o 983 HIS v.3  |p 1421514  |r 2026-01-14 00:00:00  |s 2025-09-03  |t 6  |w 2017-08-03  |y BK 
952 |0 0  |1 0  |4 0  |6 983_000000000000000_HIS_V_5  |7 0  |8 BAS  |9 47400  |a BR  |b BR  |c Reserva  |d 2017-08-03  |l 4  |m 3  |o 983 HIS v.5  |p 1421516  |r 2026-01-14 00:00:00  |s 2019-08-08  |t 6  |w 2017-08-03  |y BK 
952 |0 0  |1 0  |2 ddc  |4 0  |6 983_000000000000000_HIS_V_5  |7 0  |8 BAS  |9 99372  |a BR  |b BR  |c Reserva  |d 2017-08-03  |e Donación: Andrés Varela  |l 0  |o 983 HIS v.5  |p 1444197  |r 2026-01-14 00:00:00  |t 7  |w 2017-08-03  |y BK 
952 |0 0  |1 0  |2 ddc  |4 0  |6 983_000000000000000_HIS_V_4  |7 0  |8 BAS  |9 99374  |a BR  |b BR  |c Reserva  |d 2017-08-03  |l 0  |o 983 HIS v.4  |p 1421515  |r 2026-01-14 00:00:00  |t 8  |w 2017-08-03  |y BK 
952 |0 0  |1 0  |2 ddc  |4 0  |6 983_000000000000000_HIS_V_4  |7 0  |8 BAS  |9 99375  |a BR  |b BR  |c Reserva  |d 2017-08-03  |l 0  |o 983 HIS v.4  |p 1444241  |r 2026-01-14 00:00:00  |t 9  |w 2017-08-03  |y BK 
952 |0 0  |1 0  |2 ddc  |4 0  |6 983_000000000000000_HIS_V_3  |7 0  |8 BAS  |9 99376  |a BR  |b BR  |c Reserva  |d 2017-08-03  |e Donación: Andrés Varela  |l 1  |o 983 HIS v.3  |p 1444193  |r 2026-01-14 00:00:00  |s 2024-10-15  |t 7  |w 2017-08-03  |y BK 
999 |c 23643  |d 23643 
020 |a 9562821722 
040 |a UAHC_CL  |c UAHC_CL  |d UAHC_CL 
082 0 4 |a 983  |b H673  |2 20 
100 |a Salazar Vergara, Gabriel  |d 1936-  |9 404 
245 1 0 |a Historia contemporánea de Chile  |c Gabriel Salazar, Julio Pinto. 
250 |a 1a.ed. 
260 |a Santiago, Chile:  |b LOM,  |c 1999. 
300 |a 5 vol. 
440 |9 1724  |a Historia 
505 0 |a v.1. Estado, legitimidad, ciudadanía -- v.2. actores, identidad y movimiento -- v.3.La economía : mercados, empresarios y trabajadores -- v.4. hombría y feminidad -- v.5.Niñez y Juventud 
520 |a Dividida en cinco tomos, esta Historia Contemporánea de Chile reconstruye el devenir de nuestro país desde su nacimiento hasta nuestros días. El enfoque no es cronológico sino temático, y sus protagonistas, los actores concretos y diversos, los conocidos y los anónimos. 
651 0 |a Chile  |x Historia  |y 1810  |9 2900 
651 0 |a Chile  |x Condiciones sociales  |y 1810  |9 4304 
651 0 |a Chile  |x Política y gobierno  |y 1810-1840  |9 2826 
700 |a Pinto Vallejos, Julio  |d 1956-  |9 2240 
942 |c BK  |2 ddc